Statistics for Παίκτες με τις Περισσότερες Συμμετοχές - Εθνική Ελλάδας Ποδοσφαίρου

Click here to take the quiz!

General Stats

  • This quiz has been taken 18 times
  • The average score is 5 of 10

Answer Stats

ΤάξηΌνομαΣυμμετοχέςΓκολ% Correct
7Αντώνης Νικοπολίδης900
76%
1Γιώργος Καραγκούνης13910
76%
2Θεόδωρος Ζαγοράκης1203
71%
9Άγγελος Χαριστέας8825
71%
3Κώστας Κατσουράνης11610
59%
5Άγγελος Μπασινάς1007
53%
7Σωκράτης Παπασταθόπουλος903
35%
4Βασίλης Τοροσίδης10110
29%
10Δημήτρης Σαλπιγγίδης8213
29%
6Στράτος Αποστολάκης965
6%

Score Distribution

Percentile by Number Answered

Percent of People with Each Score

Your Score History

You have not taken this quiz